00444 a2200145 4500010001400000020002600014035001300040037001600053082001200069100002000081245006900101260004600170300003100216500005100247 aENG-88944 a9780195693157c695.00 aEN-72477 bDBAD / PUB14a954.022 aMoosvi, Shireen1 aPeople, taxation, and trade in Mughal India /cby Shireen Moosvi aNew DelhibOxford University Pressc2008 axxxv, 304p. ;c22 cm (Hb) aIncludes bibliographical references and index